000
00306nam a2200133Ia 4500
100
_a
Jain/R.P
942
_c
BK
654
_a
digital
245
_a
Digital electronics and microprocessors
260
_b
Tata Mc Graw hill
_a
New Delhi
_c
1987
082
_a
621.38179
_b
JAI
300
_a
524
546
_a
ENGLISH
999
_c
25828
_d
25828